Normal view
MARC view
- LONGS, G
Entry Personal Name
001 - CONTROL NUMBER
- control field: 74224
003 - CONTROL NUMBER IDENTIFIER
- control field: NUST
005 - DATE AND TIME OF LATEST TRANSACTION
- control field: 20210628205150.0
008 - FIXED-LENGTH DATA ELEMENTS
- fixed length control field: 210628|| aca||aabn | a|a d
040 ## - CATALOGING SOURCE
- Original cataloging agency: NUST
- Transcribing agency: NUST
100 ## - HEADING--PERSONAL NAME
- Personal name: LONGS, G
670 ## - SOURCE DATA FOUND
- Source citation: Work cat.: (NUST): LONGS, G, SECURE DIGITAL COMMUNICATION, 1983
